MARC

LEADER 00000nab a2200000 a 4500
001 10258
003 Arxiu
005 20260326124741.0
008 160829s9999 xx 000 0 cat d
100 |a Porta Perales, Miquel  |9 40800 
245 |a Educar en llibertat /   |c Miquel Porta Perales 
260 |a Barcelona :   |b Diputació de Barcelona ;   |c 1987 
300 |a 2 pàgs. ;   |c 29 cm. 
490 |a Arrel : revista editada per la Diputació de Barcelona ;   |v Núm. 17 (febrer, 1987) ; pàgs. 131-132  |x 0211-562X 
650 |a Educació  |x Experiències  |x Regne Unit   |9 40853 
650 |a Ensenyament  |x Ressenyes de llibres  |9 40854 
700 |a Neill, Alexander Sutherland. Summerhill  |9 40855 
856 4 |u https://media.diba.cat/diba/fitxers/arxiu/hemeroteca/arrel/10258/bib_10258_1987_n01_a21_baixa.pdf  |y Accés lliure 
901 |a Arxiu 
942 |n 1  |2 udc  |c Articles de revista 
952 |0 0  |1 0  |2 udc  |4 0  |6 REV95  |7 1  |9 49933  |a Arxiu  |b Arxiu  |d 2016-12-01  |o Rev-95  |r 2016-12-01 00:00:00  |w 2016-12-01  |y ARXIU 
999 |c 53775  |d 53775 
900 |a bib_10258_1987_n01_a21_baixa.pdf